Poroto (Phaseolus vulgaris L.) : eficiencia de cosecha y postcosecha /

Guardado en:
Autor Principal: De Simone, Mario Eduardo.
Autor Corporativo: Instituto Nacional de Tecnología Agropecuaria (Argentina). Estación Experimental Agropecuaria Manfredi.
Formato: Libro
Idioma:Spanish
Publicado: Manfredi : INTA PRECOP, 2006.
Series:Manual técnico ; nº 4
Etiquetas: Agregar Etiqueta
Sin Etiquetas, Sea el primero en etiquetar este registro!
LEADER 00657nam a22001695a 4500
001 EEA.libagro009147
005 20180821083128.0
008 130809s2006####ag#a##########000#0#spa#d
022 |a 1667-9199 
082 0 4 |a 635.652 
100 1 |a De Simone, Mario Eduardo. 
245 1 0 |a Poroto (Phaseolus vulgaris L.) :  |b eficiencia de cosecha y postcosecha /  |c Mario De Simone. 
260 |a Manfredi :  |b INTA PRECOP,  |c 2006. 
300 |a 107 p. :  |b il. ;  |c 25 cm. 
490 1 |a Manual técnico ;  |v nº 4 
710 2 |a Instituto Nacional de Tecnología Agropecuaria (Argentina).  |b Estación Experimental Agropecuaria Manfredi. 
859 |a AR-BbBCA  |b BIB. AGRONOMIA  |h 635.652  |i D457-1  |p 2013/6212